00382nam a2200145Ia 4500008004100000020001500041041001200056082001600068100002000084245007400104260002500178300000800203650000800211700001700219221030s9999 xx 000 0 und d a8120300760 aEnglish a105.23bBoy aR. L. Boylestad 0aElectronic Devices & Circuit Theorycby R. L. Boylestad, L. Nashelsky bPHIaNew Delhic1999 a950 aECE aL. Nashelsky